000 00690nam a2200241 i 4500
005 20210818181502.0
008 161020s2013 sp a a 000 m spa d
020 _a9788498258356
040 _bspa
_aCOMFC
_erda
041 _aspa
100 _949209
_aDeneux, Xavier
245 1 4 _aLas formas
_cXavier Deneux
264 0 1 _aBarcelona
_bCombel Editorial
_c2013
300 _a[18] páginas
_bIlustraciones
_c19cm
336 _2rdacontent
_atxt
337 _2rdamedia
_an
338 _2rdacarrier
_anc
490 _aPalabras y figuras
090 _aA
_bDENF
650 0 _921021
_aLibros Ilustrados Para Niños
650 0 _916187
_aFormas (Estetica)
942 _2ddc
_hA DENF
_kA
_mDENF
999 _c10747
_d10747